Infilling abandoned limestone mines in the Black Country (Record no. 16882)
[ view plain ]
| 000 -LEADER | |
|---|---|
| fixed length control field | 00844cab a2200205 4500 |
| 001 - CONTROL NUMBER | |
| control field | ABS40636 |
| 008 - FIXED-LENGTH DATA ELEMENTS--GENERAL INFORMATION | |
| fixed length control field | 090401t1989 xxu||||| |||| 00| 0 eng d |
| 035 ## - SYSTEM CONTROL NUMBER | |
| System control number | (Sirsi) u25164 |
| 041 ## - LANGUAGE CODE | |
| Language code of text/sound track or separate title | eng |
| 100 ## - MAIN ENTRY--PERSONAL NAME | |
| Personal name | Cole, K.W. |
| 245 ## - TITLE STATEMENT | |
| Title | Infilling abandoned limestone mines in the Black Country |
| 260 ## - PUBLICATION, DISTRIBUTION, ETC. | |
| Date of publication, distribution, etc. | 1989 |
| 350 ## - PRICE (NR) (BK AM CF MU VM SE) [OBSOLETE] | |
| Price | 0 |
| 490 ## - SERIES STATEMENT | |
| Series statement | Land & Minerals Surveying |
| Volume/sequential designation | 7(4) April 1989, 163-172(10) |
| 520 ## - SUMMARY, ETC. | |
| Summary, etc. | Describes the trial of a system to use rock paste to infill a section of the Castle Fields limestone mine in Dudley. Rock paste was pumped underground where its performance was monitored and evaluated with remote instrumentation. Looks at work subsequent to the trial in improving the strength characteristics of the product. |
| 690 ## - LOCAL SUBJECT ADDED ENTRY--TOPICAL TERM (OCLC, RLIN) | |
| Topical term or geographic name as entry element | MINING AND MINERALS |
| 700 ## - ADDED ENTRY--PERSONAL NAME | |
| Personal name | Stevens, D.W. |
| 942 ## - ADDED ENTRY ELEMENTS (KOHA) | |
| Suppress in OPAC | 0 |
| 948 ## - LOCAL PROCESSING INFORMATION (OCLC); SERIES PART DESIGNATOR (RLIN) | |
| c (OCLC) | 04/03/1997 |
| Withdrawn status | Lost status | Source of classification or shelving scheme | Damaged status | Not for loan | Home library | Current library | Shelving location | Date acquired | Total Checkouts | Full call number | Barcode | Date last seen | Copy number | Price effective from | Koha item type |
|---|---|---|---|---|---|---|---|---|---|---|---|---|---|---|---|
| Dewey Decimal Classification | London | London | Journal article | 14/09/1999 | ABS40636 | 25164-1001 | 06/08/2019 | 1 | 06/08/2019 | Journal article |